00546nam a22001817a 450000500170000001000140001702000250003102000220005603500130007803700130009108200140010410000230011824500940014126000380023527000450027330000270031850000190034520100811111750.0 aENG-99693 a9788177355147c35.00 a8177355147c35.00 aEN-83225 bDBAD/PUB a338.43664 aSenthil, S. Azhagu aMarket basket analysis using single dimensoinal data in dataminig /cby S. Azhagu Senthil aChennaibPavai Publicationsc2008 a142, Jani Jan Khan RoadbChennaie600014 a68p.bill.c21cm (pbk) aIncludes index